The American autobiography : a collection of critical essays /

Bibliographic Details
Other Authors: Stone, Albert E.
Format: Book
Language:English
Published: Englewood Cliffs, N.J. : Prentice-Hall, [1981]
Series:Twentieth century views.
Subjects:

MARC

Tag First Indicator Second Indicator Subfields
LEADER 00000pam a2200000 a 4500
001 in00000080006
005 20151008055300.0
008 810528s1981 nju b 00100 eng
010 |a  81010530  
020 |a 0130246387 
020 |a 0130246204 (pbk.) 
035 |a (OCoLC)07573201 
035 |9 AAJ3041AM 
039 0 |a 2  |b 3  |c 3  |d 3  |e 3 
040 |a DLC  |c DLC  |d TXA  |d UtOrBLW 
043 |a n-us--- 
049 |a TXAM  |c [1387453] 
050 0 0 |a PS169.A95  |b A5 
082 0 |a 810/.9/351  |2 19 
245 0 4 |a The American autobiography :  |b a collection of critical essays /  |c edited by Albert E. Stone. 
264 1 |a Englewood Cliffs, N.J. :  |b Prentice-Hall,  |c [1981] 
264 4 |c ©1981 
300 |a viii, 184 pages ;  |c 21 cm. 
336 |a text  |b txt  |2 rdacontent 
337 |a unmediated  |b n  |2 rdamedia 
338 |a volume  |b nc  |2 rdacarrier 
490 1 |a Twentieth century views 
490 0 |a A Spectrum book 
500 |a Includes index. 
504 |a Bibliography: pages 166-175. 
650 0 |a American literature  |x History and criticism. 
650 0 |a Autobiography. 
700 1 |a Stone, Albert E. 
830 0 |a Twentieth century views. 
999 |a MARS 
999 f f |s d5cdab26-7624-3047-9c01-caf7e84b98cb  |i 8f2d0020-402f-36f3-8982-a3a1b9a81cf7  |t 0 
952 f f |p ric  |a Texas A&M University  |b Rellis Campus  |c Joint Library Facility  |d Remote Storage  |t 0  |e PS169.A95 A5  |h Library of Congress classification  |i unmediated -- volume  |m A14806188502 
998 f f |a PS169.A95 A5  |t 0  |l Remote Storage